<?xml version="1.0" encoding="UTF-8"?>
<record
    xmlns:xsi="http://www.w3.org/2001/XMLSchema-instance"
    xsi:schemaLocation="http://www.loc.gov/MARC21/slim http://www.loc.gov/standards/marcxml/schema/MARC21slim.xsd"
    xmlns="http://www.loc.gov/MARC21/slim">

  <leader>00470nam a2200181Ia 4500</leader>
  <controlfield tag="008">230917s9999||||xx |||||||||||||| ||und||</controlfield>
  <datafield tag="020" ind1=" " ind2=" ">
    <subfield code="c">RS929</subfield>
  </datafield>
  <datafield tag="040" ind1=" " ind2=" ">
    <subfield code="e">257654</subfield>
    <subfield code="a">MAIN</subfield>
  </datafield>
  <datafield tag="041" ind1=" " ind2=" ">
    <subfield code="a">English</subfield>
  </datafield>
  <datafield tag="082" ind1=" " ind2=" ">
    <subfield code="a">005.1 S55S(10)</subfield>
  </datafield>
  <datafield tag="100" ind1=" " ind2=" ">
    <subfield code="a">Sommerville, Ian</subfield>
  </datafield>
  <datafield tag="245" ind1=" " ind2="0">
    <subfield code="a">Software engineering</subfield>
  </datafield>
  <datafield tag="250" ind1=" " ind2=" ">
    <subfield code="a">10th ed.</subfield>
  </datafield>
  <datafield tag="260" ind1=" " ind2=" ">
    <subfield code="a">Noida</subfield>
    <subfield code="b">Pearson India Education</subfield>
    <subfield code="c">2018</subfield>
  </datafield>
  <datafield tag="300" ind1=" " ind2=" ">
    <subfield code="a">808 p.</subfield>
  </datafield>
  <datafield tag="500" ind1=" " ind2=" ">
    <subfield code="a">3597 04/09/2019 HBD19/7957 30/09/2019 Main Budget</subfield>
  </datafield>
  <datafield tag="942" ind1=" " ind2=" ">
    <subfield code="c">BK</subfield>
  </datafield>
  <datafield tag="952" ind1=" " ind2=" ">
    <subfield code="0">0</subfield>
    <subfield code="1">0</subfield>
    <subfield code="4">0</subfield>
    <subfield code="6">005_100000000000000_S55S10</subfield>
    <subfield code="7">0</subfield>
    <subfield code="9">61467</subfield>
    <subfield code="a">MAIN</subfield>
    <subfield code="b">MAIN</subfield>
    <subfield code="d">2019-11-21</subfield>
    <subfield code="g">929.00</subfield>
    <subfield code="l">1</subfield>
    <subfield code="o">005.1 S55S(10)</subfield>
    <subfield code="p">389723</subfield>
    <subfield code="r">2024-02-21 09:33:27</subfield>
    <subfield code="s">2024-01-15</subfield>
    <subfield code="w">2023-09-17</subfield>
    <subfield code="y">BK</subfield>
    <subfield code="g">929</subfield>
  </datafield>
  <datafield tag="952" ind1=" " ind2=" ">
    <subfield code="0">0</subfield>
    <subfield code="1">0</subfield>
    <subfield code="4">0</subfield>
    <subfield code="6">005_100000000000000_S55S10</subfield>
    <subfield code="7">0</subfield>
    <subfield code="9">61468</subfield>
    <subfield code="a">MAIN</subfield>
    <subfield code="b">MAIN</subfield>
    <subfield code="d">2019-11-21</subfield>
    <subfield code="g">929.00</subfield>
    <subfield code="l">0</subfield>
    <subfield code="o">005.1 S55S(10)</subfield>
    <subfield code="p">389724</subfield>
    <subfield code="r">2023-09-17 20:37:59</subfield>
    <subfield code="w">2023-09-17</subfield>
    <subfield code="y">BK</subfield>
    <subfield code="g">929</subfield>
  </datafield>
  <datafield tag="952" ind1=" " ind2=" ">
    <subfield code="0">0</subfield>
    <subfield code="1">0</subfield>
    <subfield code="4">0</subfield>
    <subfield code="6">005_100000000000000_S55S10</subfield>
    <subfield code="7">0</subfield>
    <subfield code="9">61469</subfield>
    <subfield code="a">MAIN</subfield>
    <subfield code="b">MAIN</subfield>
    <subfield code="d">2019-11-21</subfield>
    <subfield code="g">929.00</subfield>
    <subfield code="l">2</subfield>
    <subfield code="o">005.1 S55S(10)</subfield>
    <subfield code="p">389725</subfield>
    <subfield code="q">2026-05-20</subfield>
    <subfield code="r">2026-05-06 14:28:57</subfield>
    <subfield code="s">2026-05-06</subfield>
    <subfield code="w">2023-09-17</subfield>
    <subfield code="y">BK</subfield>
    <subfield code="g">929</subfield>
  </datafield>
  <datafield tag="952" ind1=" " ind2=" ">
    <subfield code="0">0</subfield>
    <subfield code="1">0</subfield>
    <subfield code="4">0</subfield>
    <subfield code="6">005_100000000000000_S55S10</subfield>
    <subfield code="7">0</subfield>
    <subfield code="9">61470</subfield>
    <subfield code="a">MAIN</subfield>
    <subfield code="b">MAIN</subfield>
    <subfield code="d">2019-11-21</subfield>
    <subfield code="g">929.00</subfield>
    <subfield code="l">0</subfield>
    <subfield code="o">005.1 S55S(10)</subfield>
    <subfield code="p">389726</subfield>
    <subfield code="r">2023-09-17 20:37:59</subfield>
    <subfield code="w">2023-09-17</subfield>
    <subfield code="y">BK</subfield>
    <subfield code="g">929</subfield>
  </datafield>
  <datafield tag="952" ind1=" " ind2=" ">
    <subfield code="0">0</subfield>
    <subfield code="1">0</subfield>
    <subfield code="4">0</subfield>
    <subfield code="6">005_100000000000000_S55S10</subfield>
    <subfield code="7">0</subfield>
    <subfield code="9">61471</subfield>
    <subfield code="a">MAIN</subfield>
    <subfield code="b">MAIN</subfield>
    <subfield code="d">2019-11-21</subfield>
    <subfield code="g">929.00</subfield>
    <subfield code="l">0</subfield>
    <subfield code="o">005.1 S55S(10)</subfield>
    <subfield code="p">389727</subfield>
    <subfield code="r">2023-09-17 20:37:59</subfield>
    <subfield code="w">2023-09-17</subfield>
    <subfield code="y">BK</subfield>
    <subfield code="g">929</subfield>
  </datafield>
  <datafield tag="999" ind1=" " ind2=" ">
    <subfield code="c">32657</subfield>
    <subfield code="d">32657</subfield>
  </datafield>
</record>
